000
00351nam a2200145Ia 4500
008
220216s9999 xx 000 0 und d
100
_a
Kawahara Seiichi
245
0
_a
Nano-matrix structure formed for NR
260
_b
Rubber World
_c
2007
300
_a
26-31
650
_a
Nano-matrix
650
_a
NR
700
_a
Yamamoto Yoshimasa
942
_c
JS
999
_c
63401
_d
63401